000 00478ntaaa2200193 4500
003 01
005 20251027202036.0
008 0714s1973 ag 01
040 _aAR-BaBN
_bspa
_cAR-BaBN
_eaacr
_dRIC
082 _a251.0000 J15
100 _aJackson, Edgar N
_919041
245 _aHow to preach to people's needs
250 _a1 ed.
260 _aNew York :
_bAbingdon Press,
_c1955
300 _a191 p
650 _ahomilética
_91351
650 _asermones
_9362
942 _cBK
999 _c15223
_d15223